| 000 | nam a22 7a 4500 | ||
|---|---|---|---|
| 999 |
_c129591 _d129591 |
||
| 008 | 190509b xxu||||| |||| 00| 0 eng d | ||
| 050 | _aBV2183.H72 1967 | ||
| 100 |
_aHastings, Adrian _946367 |
||
| 245 |
_aChurch and mission in mdern Africa _cAdrian Hastings |
||
| 260 |
_aLondon: _bBurns and Oats, _c1967. |
||
| 300 |
_a263p. ; _c22cm. |
||
| 650 |
_aCatholic Church in Africa _926036 |
||
| 650 |
_aMissions _zAfrica _946368 |
||
| 650 |
_aCatholic Church _xMissions _920008 |
||
| 942 |
_2lcc _cMONOGRAPH |
||